History in 00s - Statistics

General Stats
  • This quiz has been taken 22 times
  • The average score is 8 of 11
Answer Stats
Event Answer % Correct
The iPhone is invented. 2000s
100%
The Napoleonic Wars start in Europe. 1800s
94%
The Mona Lisa is completed. 1500s
89%
The Wright Brothers achieve the first manned flight. 1900s
89%
Henry I is crowned. 1100s
72%
Scotland and England unify to become the Kingdom of Great Britain. 1700s
72%
Leif Eriksson lands in North America, marking the first time a European lands in North America. 1000s
61%
The Ming Dynasty conquers Vietnam. 1400s
61%
Huaynaputina Volcano erupts, causing major damage and contributing to the "Little Ice Age" & causing the Russian Famine. 1600s
61%
The Lighthouse of Alexandria is destroyed. 1300s
56%
Europe was introduced to Arabic Numerals. 1200s
50%
No matching quizzes found
Score Distribution
Percent of People with Each Score
Percentile by Number Answered
Your Score History
You have not taken this quiz